|
|
|
|
| LEADER |
00000cam a2200000 a 4500 |
| 001 |
vtls008308606 |
| 003 |
SK-MaSNL |
| 005 |
20260301204516.0 |
| 008 |
230501s1969 xo l frn 001 0 slo |
| 015 |
|
|
|a SNBA1970/01-00150
|
| 020 |
|
|
|q (viazané)
|
| 035 |
|
|
|a SK01SNK19700000823
|
| 035 |
|
|
|a 69414A2A-E7BF-4FE4-9324-2A1D228CC88B
|
| 035 |
|
|
|a urn:nbn:sk:snk-am00ihe3
|
| 035 |
|
|
|a SKM000003286
|
| 040 |
|
|
|a SNK
|b slo
|c SNK
|e AACR2
|
| 041 |
0 |
|
|a slo
|b rus
|b fre
|b ger
|
| 044 |
|
|
|a xo
|c SK
|
| 072 |
|
7 |
|a 334
|x Formy organizácie a spolupráce v ekonomike
|2 konspekt
|
| 080 |
|
|
|a 334.73
|2 2011
|
| 080 |
|
|
|a (048.8)
|2 2011
|
| 100 |
1 |
|
|a Štefanovič, Milan,
|d 1927-2018
|4 aut
|9 190111
|
| 245 |
1 |
0 |
|a Teória družstevníctva
|c Milan Štefanovič
|
| 250 |
|
|
|a 1. vyd.
|
| 260 |
|
|
|a Bratislava
|b Vydavateľstvo Slovenskej akadémie vied
|c 1969
|
| 300 |
|
|
|a 429 strán
|b tabuľky
|c 20 cm
|
| 366 |
|
|
|e 2000 kusov
|
| 500 |
|
|
|a Zoznam skratiek
|
| 504 |
|
|
|a Obsahuje bibliografiu, bibliografické odkazy a register
|
| 546 |
|
|
|a Ruské, francúzske a nemecké resumé
|
| 650 |
0 |
7 |
|a družstevníctvo
|2 SNKPH
|9 2134
|
| 650 |
0 |
7 |
|a teória
|2 SNKPH
|9 3883
|
| 655 |
|
7 |
|a monografie
|2 SNKPH
|9 70139
|
| 655 |
|
7 |
|a štúdie
|2 SNKPH
|9 57033
|
| 852 |
|
|
|a Slovenská národná knižnica
|
| 954 |
|
|
|a odborná, vedecká literatúra pôvodná (slovenská)
|2 lita
|
| 958 |
|
|
|a RK
|
| 958 |
|
|
|a TL
|
| 958 |
|
|
|a NB
|
| 958 |
|
|
|a OND
|
| 958 |
|
|
|a EUIPO
|
| 999 |
|
|
|c 906749
|d 908679
|
| 952 |
|
|
|a SNK
|b SNK
|y PREZ
|7 0
|p 17A0931889
|o snkSC 25579
|i snkKSP 1399/70
|0 0
|1 0
|4 0
|d 2012-08-28
|f 1
|l 0
|r 2026-02-24 07:31:55
|w 2026-02-24
|
| 952 |
|
|
|a SNK
|b SNK
|y VYP
|7 0
|p 17A0606042
|o snkSC 25579 D1
|i snkKSP 1400/70
|0 0
|1 0
|4 0
|d 2009-02-25
|l 0
|r 2026-02-24 07:31:55
|w 2026-02-24
|